000 00472nam a22001697a 4500
003 OSt
005 20260407105811.0
008 260406b |||||||| |||| 00| 0 eng d
020 _a9788129135537
040 _cDonated
082 _21st
_a658/Bha
_bSBPIMD294
100 _aBhagat,Chetan
_92385
245 _aRevolution 2020
_bLove.Corruption.Ambition
_hEnglish
260 _aNew Delhi
_bRupa Publications India
_c2011
300 _a296
942 _2ddc
_cDBK
_e1st
_k658
_mBha
_n0
999 _c203467
_d203467